000
00265nam a2200109Ia 4500
008
220204s9999 xx 000 0 und d
082
_a
82-3
_b
SHA
100
_a
Shaw, Irwin
245
0
_a
God was here but he left early
260
_a
New York
_b
Dell
_c
1973
942
_c
BK
999
_c
35102
_d
35102